|
|
|
|
| LEADER |
00000nam a2200000 i 4500 |
| 001 |
DIGCERVAN0114 |
| 003 |
NyNyDIG |
| 007 |
cr ||||||||||| |
| 008 |
230825s2015 ag a o 000 0 spa d |
| 006 |
m o d |
| 035 |
|
|
|a (OCoLC)1395570967
|
| 040 |
|
|
|a DGITA
|b eng
|e rda
|e pn
|c DGITA
|
| 020 |
|
|
|z 9789873385551
|
| 043 |
|
|
|a cl-----
|
| 050 |
1 |
4 |
|a TR139 ebook
|
| 245 |
0 |
0 |
|a Charlas con fotógrafos latinoamericanos :
|b más que entrevistas, una conversación entre pares... /
|c Sara Facio [and 19 others] ; producido por Jorge Piccini.
|
| 264 |
|
1 |
|a San Carlos de Bariloche, Patagonia :
|b Ediciones Bex,
|c 2015.
|
| 250 |
|
|
|a 1a ed.
|
| 300 |
|
|
|a 1 online resource :
|b illustrations.
|
| 336 |
|
|
|a text
|b txt
|2 rdacontent
|
| 337 |
|
|
|a computer
|b c
|2 rdamedia
|
| 338 |
|
|
|a online resource
|b cr
|2 rdacarrier
|
| 347 |
|
|
|a text file
|2 rdaft
|
| 347 |
|
|
|b PDF
|
| 588 |
0 |
|
|a Online resource; title from PDF title page (Digitalia, viewed August 25, 2023)
|
| 650 |
|
0 |
|a Photographers
|z Latin America
|v Interviews.
|
| 650 |
|
0 |
|a Photography
|z Latin America
|x History
|y 20th century.
|
| 650 |
|
0 |
|a Photography
|z Latin America
|x History
|y 21st century.
|
| 700 |
1 |
|
|a Facio, Sara,
|e interviewee.
|
| 700 |
1 |
|
|a Piccini, Jorge,
|e editor.
|
| 791 |
2 |
|
|a Digitalia (Firm),
|e distributor.
|
| 793 |
0 |
|
|g Digitalia eBook Collection:
|a Cervantes Digital
|
| 776 |
0 |
8 |
|i Print version:
|t Charlas con fotógrafos latinoamericanos.
|b 1a ed.
|d San Carlos de Bariloche, Patagonia : Ediciones Bex, 2015
|z 9789873385551
|
| 856 |
4 |
0 |
|3 Digitalia Hispánica
|u https://www.digitaliapublishing.com/a/128791/
|
| 910 |
|
|
|a Premium collection: 2023
|